Porovnanie dvoch rôznych programovacích paradigiem pri prehľadávaní stavového priestoru bakalárska práca

Uložené v:
Podrobná bibliografia
Hlavný autor: Nižnanská, Miriama
Korporativný autor: Fakulta hospodárskej informatiky EU. Katedra aplikovanej informatiky
Ďalší autori: Rakovská, Eva, 1963-
Médium: Kniha
Jazyk:Slovak
Vydavateľské údaje: Bratislava 2013
Tagy: Pridať tag
Žiadne tagy, Buďte prvý, kto otaguje tento záznam!

MARC

LEADER 00000nbm a2200000 4500
001 0173097
005 20161109112138.3
041 0 |a slo 
044 |a SK 
245 1 0 |a Porovnanie dvoch rôznych programovacích paradigiem pri prehľadávaní stavového priestoru  |b bakalárska práca  |c Miriama Nižnanská ; školiteľ: Eva Rakovská 
264 1 |a Bratislava  |c 2013 
300 |a 46 s. 
100 1 |a Nižnanská, Miriama 
700 1 |a Rakovská, Eva, 1963- 
710 2 |a Fakulta hospodárskej informatiky EU. Katedra aplikovanej informatiky